The Wheeler Family (Stranger Things) - Statistics

General Stats
  • This quiz has been taken 410 times
  • The average score is 5 of 5
Answer Stats
Starting
letter
Answer % Correct
M Mike
99%
N Nancy
98%
K Karen
97%
H Holly
96%
T Ted
94%
No matching quizzes found
Score Distribution
Percent of People with Each Score
Percentile by Number Answered
Your Score History
You have not taken this quiz